Nonclinical safety assessment (Record no. 61358)
[ view plain ]
| 000 -LEADER | |
|---|---|
| fixed length control field | 02227nam a2200349 a 4500 |
| 082 04 - DEWEY DECIMAL CLASSIFICATION NUMBER | |
| Classification number | 615.1/901 |
| 245 00 - TITLE STATEMENT | |
| Title | Nonclinical safety assessment |
| 260 ## - PUBLICATION, DISTRIBUTION, ETC. (IMPRINT) | |
| Place of publication | Chichester, West Sussex : |
| Name of publisher | John Wiley & Sons, |
| Year of publication | 2013. |
| 300 ## - PHYSICAL DESCRIPTION | |
| Number of Pages | xviii, 465 p. : |
| Other physical details | ill. |
| 505 0# - FORMATTED CONTENTS NOTE | |
| Formatted contents note | Introduction to the development of drugs / Kathy McGown -- ICH / Ken Hastings -- USFDA / Bill Brock -- Latin America : MERCOSUR countries / Cristiana Leslie Corra -- Canada / Mark T. Goldberg -- EMEA / Adam Woolley -- Africa / Fariza Feraoun -- China / Lijie Fu -- Japan / Kazuichi Nakamura -- India / K.S. Rao -- Australia / Doug Francis -- Chronic repeat dose testing / Shana Azri-Meehan -- Carcinogenicity / James Popp -- Genotoxicity / Mark Powley -- Developmental and reproductive toxicology / Robert Parker -- Juvenile testing and pediatric claim / Melissa Tassinari -- Immunotoxicology / Leigh Ann Burns Naas -- Biologics / Chris Ellis -- Vaccines / Robert House -- Phototoxicity and photocarcinogenicity / Chris Sambuco -- Degradants, impurities excipients, and metabolites / Bob Osterberg. |
| 650 #0 - SUBJECT ADDED ENTRY--TOPICAL TERM | |
| Topical Term | Drug development |
| Topical Term | Drugs |
| 700 1# - ADDED ENTRY--PERSONAL NAME | |
| Personal name | Brock, William J. |
| Personal name | Hastings, Kenneth L. |
| Personal name | McGown, Kathy M. |
| 856 40 - ELECTRONIC LOCATION AND ACCESS | |
| Uniform Resource Identifier | http://site.ebrary.com/lib/rucke/Doc?id=10667420 |
No items available.
